| 000 | 01110nam1a22002771i 4500 | ||
|---|---|---|---|
| 001 | rc\3211290 | ||
| 005 | 20240921163644.0 | ||
| 035 | _a(NLR Aleph) 007359100 | ||
| 090 |
_a6289000 _c6289000 |
||
| 100 | _a20130115d1976 |||y0rusy50 ca | ||
| 101 | 0 | _arus | |
| 102 | _aRU | ||
| 105 | _ay j ||||| | ||
| 200 | 1 |
_aУчебник русского языка _f[Ред.: к. ист. н., доц., полк. А.Д. Киселев] [и др.]. Кн. 2 |
|
| 210 |
_aМосква _cВоениздат _d1976 |
||
| 215 | _d21 | ||
| 300 | _aНа обороте тит. л. авт.: к. филол. н. Л.Г. Луганская, к. филол. н. Е.С. Клейменова, Н.В. Левицкая [и др.] | ||
| 701 | 1 |
_aЛуганская _bЛ. Г. |
|
| 701 | 1 |
_aКлейменова _bЕ. С. |
|
| 701 | 1 |
_aЛевицкая _bН. В. |
|
| 702 | 1 |
_4340 _7ca _8rus _aКиселев _bА. Д. _cканд. ист. наук _gАлександр Дмитриевич _9250251 _3RU\NLR\AUTH\770250307 |
|
| 801 | 0 |
_aRU _bNLR _gpsbo |
|
| 801 | 1 |
_aRU _bELAR _2rusmarc |
|
| 852 |
_aNLR _j77-6/8004 |
||
| 942 | _cBOOK | ||